000 00609nam a2200241Ia 4500
003 OSt
005 20221005123519.0
006 a|||||r|||| 00| 0
007 ta
008 221004b |||||||| |||| 00| 0 eng d
024 _a36929
037 _cTextual
040 _aCRL
_cCRL
_beng
041 _2eng
_aeng
082 _aO:2J64w, B5
100 _aSengupta S. M.
_9633771
245 0 _aLife of William Shakespeare
260 _c1885
650 _a SHAKESPEARE, WILLIAM
650 _aENGLISH LITERATURE
942 _hO:2J64w, B5
_cTEXL
_2cc
999 _c1047650
_d1047650